000
00313nam a22001457a 4500
008
221007b ||||| |||| 00| 0 eng d
020
_a
0316057487
041
_a
eng
080
_a
91
082
_a
91 ATT
100
_a
19.2
101
_a
GJEO
245
_a
THE LIVING PLANET
_c
ATTENBOROUGH D
942
_2
udc
_c
BK
999
_c
58421
_d
58421